000 00668nam a22002412 4500
001 0000018624
003 OSt
005 20221005094204.0
008 100223s xx 000 0 eng d
020 _a0199657681
040 _aKABU
_cKABU
050 _aBF31
_b.C65 2015
100 1 _aColman, Andrew M.
245 1 2 _aA Dictionary of Psychology /
_cAndrew M. Colman.
250 _a4th ed.
260 _aOxford :
_bO. U. P.,
_c2015
300 _ax, 883p.
650 0 _aPsychology
_vDictionaries.
908 _a100223
942 _2lcc
_cBK
999 _c19636
_d19635